[Event "Satka Autumn 2019"]
[Site "Satka"]
[Date "2019.09.27"]
[Round "9.11"]
[White "Filippova, Darya"]
[Black "Shamsutdinova, Karina"]
[Result "1-0"]
[WhiteElo "2110"]
[BlackElo "1747"]
[Annotator "NA"]
[PlyCount "63"]
[EventDate "2019.09.19"]
[EventType "swiss"]
[EventCountry "RUS"]
[SourceTitle "playchess.com"]
[Source "ChessBase"]
[SourceQuality "1"]
[TimeControl "5400+30"]

1. c4 {[%emt 0:00:00]} Nf6 {[%emt 0:00:20]} 2. b3 {[%emt 0:00:06]} b6 {[%emt 0:01:48]} 3. Bb2 {[%emt 0:00:21]} Bb7 {[%emt 0:01:49]} 4. d4 {[%emt 0:03:02]} d5 {[%emt 0:03:41]} 5. Nc3 {[%emt 0:08:50]} g6 {[%emt 0:03:00]} 6. e3 {[%emt 0:03:35]} Bg7 {[%emt 0:00:35]} 7. Nge2 {[%emt 0:03:27]} O-O {[%emt 0:05:36]} 8. Nf4 {[%emt 0:00:55]} dxc4 {[%emt 0:03:36]} 9. bxc4 {[%emt 0:01:49]} e6 {[%emt 0:00:58]} 10. Be2 {[%emt 0:07:03]} Na6 {[%emt 0:05:44]} 11. O-O {[%emt 0:00:40]} c5 {[%emt 0:04:41]} 12. Rb1 {[%emt 0:05:34]} cxd4 {[%emt 0:07:09]} 13. exd4 {[%emt 0:00:35]} Ne4 {[%emt 0:04:17]} 14. Nb5 {[%emt 0:05:29]} Bh6 {[%emt 0:12:58]} 15. Bc1 {[%emt 0:02:36]} Bg7 {[%emt 0:04:15]} 16. Rb3 {[%emt 0:06:05]} Nc7 {[%emt 0:05:36]} 17. Nxc7 {[%emt 0:04:35]} Qxc7 {[%emt 0:00:08]} 18. d5 {[%emt 0:08:22]} Be5 {[%emt 0:10:49]} 19. g3 {[%emt 0:06:37]} Nc3 {[%emt 0:07:28]} 20. Qd3 {[%emt 0:01:50]} Nxe2+ {[%emt 0:02:14]} 21. Qxe2 {[%emt 0:01:20]} Ba6 {[%emt 0:03:00]} 22. Rb4 {[%emt 0:00:37]} exd5 {[%emt 0:01:21]} 23. Nxd5 {[%emt 0:00:41]} Qd6 {[%emt 0:02:32]} 24. Qf3 {[%emt 0:02:48]} Bb7 {[%emt 0:02:38]} 25. Rb3 {[%emt 0:00:38]} Bc6 {[%emt 0:03:00]} 26. Ba3 {[%emt 0:01:49]} Bxd5 {[%emt 0:02:09]} 27. cxd5 {[%emt 0:00:29]} Qd7 {[%emt 0:00:23]} 28. Bxf8 {[%emt 0:00:26]} Rxf8 {[%emt 0:00:24]} 29. Re1 {[%emt 0:02:18]} Bd6 {[%emt 0:01:19]} 30. Qf6 {[%emt 0:00:56]} Bc5 {[%emt 0:00:31]} 31. Rd3 {[%emt 0:00:32]} Bd6 {[%emt 0:00:56]} 32. Re4 {[%emt 0:01:59]} 1-0

[Event "Satka Autumn 2019"]
[Site "Satka"]
[Date "2019.09.27"]
[Round "9.12"]
[White "Mirzaeva, Gulnara"]
[Black "Trapeznikova, Darya"]
[Result "1/2-1/2"]
[WhiteElo "1936"]
[BlackElo "2085"]
[Annotator "NA"]
[PlyCount "81"]
[EventDate "2019.09.19"]
[EventType "swiss"]
[EventCountry "RUS"]
[SourceTitle "playchess.com"]
[Source "ChessBase"]
[SourceQuality "1"]
[TimeControl "5400+30"]

1. e4 {[%emt 0:00:00]} e5 {[%emt 0:00:00]} 2. Nf3 {[%emt 0:00:00]} Nc6 {[%emt 0:00:00]} 3. Bc4 {[%emt 0:00:00]} Nf6 {[%emt 0:00:00]} 4. d3 {[%emt 0:00:00]} Be7 {[%emt 0:00:02]} 5. O-O {[%emt 0:00:00]} O-O {[%emt 0:00:09]} 6. c3 {[%emt 0:00:10]} d5 {[%emt 0:00:36]} 7. exd5 {[%emt 0:00:19]} Nxd5 {[%emt 0:00:05]} 8. Re1 {[%emt 0:00:19]} Bg4 {[%emt 0:02:43]} 9. h3 {[%emt 0:00:29]} Bh5 {[%emt 0:00:07]} 10. Nbd2 {[%emt 0:00:35]} Nb6 {[%emt 0:01:23]} 11. Bb5 {[%emt 0:04:09]} f6 {[%emt 0:01:44]} 12. Ne4 {[%emt 0:01:55]} a6 {[%emt 0:02:19]} 13. Bxc6 {[%emt 0:01:26]} bxc6 {[%emt 0:00:05]} 14. Ng3 {[%emt 0:00:21]} Bxf3 {[%emt 0:08:05]} 15. Qxf3 {[%emt 0:00:52]} Qd5 {[%emt 0:02:03]} 16. Qxd5+ {[%emt 0:00:35]} cxd5 {[%emt 0:01:54]} 17. Nf5 {[%emt 0:04:00]} Rfe8 {[%emt 0:04:01]} 18. Nxe7+ {[%emt 0:01:46]} Rxe7 {[%emt 0:00:04]} 19. Be3 {[%emt 0:00:29]} Na4 {[%emt 0:01:32]} 20. Re2 {[%emt 0:11:43]} Rb8 {[%emt 0:00:22]} 21. Bc1 {[%emt 0:01:35]} c6 {[%emt 0:31:44]} 22. Kf1 {[%emt 0:09:11]} Reb7 {[%emt 0:03:23]} 23. b3 {[%emt 0:01:12]} Nxc3 {[%emt 0:01:32]} 24. Rc2 {[%emt 0:00:06]} d4 {[%emt 0:00:34]} 25. Bd2 {[%emt 0:00:17]} e4 {[%emt 0:11:01]} 26. Bxc3 {[%emt 0:00:53]} exd3 {[%emt 0:00:06]} 27. Rd2 {[%emt 0:00:59]} dxc3 {[%emt 0:00:04]} 28. Rxd3 {[%emt 0:00:03]} a5 {[%emt 0:00:27]} 29. Rc1 {[%emt 0:01:22]} a4 {[%emt 0:00:33]} 30. bxa4 {[%emt 0:02:42]} Ra7 {[%emt 0:01:33]} 31. Rdxc3 {[%emt 0:00:24]} Rxa4 {[%emt 0:00:05]} 32. Rxc6 {[%emt 0:00:08]} Rxa2 {[%emt 0:00:06]} 33. Rc8+ {[%emt 0:00:09]} Rxc8 {[%emt 0:00:04]} 34. Rxc8+ {[%emt 0:00:04]} Kf7 {[%emt 0:00:03]} 35. Rc7+ {[%emt 0:00:13]} Kg6 {[%emt 0:00:13]} 36. g3 h5 37. h4 {[%emt 0:00:11]} Rb2 {[%emt 0:00:18]} 38. Kg2 {[%emt 0:00:06]} Ra2 {[%emt 0:00:08]} 39. Kf3 {[%emt 0:00:12]} Ra3+ {[%emt 0:00:12]} 40. Kf4 {[%emt 0:00:00]} Ra4+ {[%emt 0:00:00]} 41. Kf3 {[%emt 0:00:00]} 1/2-1/2